All 2024 Olympic Medalists: Diving - Statistics

General Stats
  • This quiz has been taken 35 times
  • The average score is 5 of 36
Answer Stats
Event Medal Nationality/Team Medalist % Correct
Men's Synchronised 10m Platform Silver Great Britain Tom Daley
60%
Men's 10m Platform Bronze Great Britain Noah Williams
50%
Men's Synchronised 10m Platform Silver Great Britain Noah Williams
50%
Men's 3m Springboard Bronze Mexico Osmar Olvera
40%
Men's Synchronised 3m Springboard Silver Mexico Osmar Olvera
40%
Women's 10m Platform Silver China Chen Yuxi
20%
Women's Synchronised 10m Platform Gold China Chen Yuxi
20%
Men's Synchronised 3m Springboard Bronze Great Britain Jack Laugher
20%
Women's Synchronised 10m Platform Bronze Great Britain Lois Toulson
20%
Women's Synchronised 3m Springboard Bronze Great Britain Scarlett Mew Jensen
20%
Women's Synchronised 3m Springboard Bronze Great Britain Yasmin Harper
20%
Women's Synchronised 10m Platform Bronze Great Britain Andrea Spendolini-Sirieix
10%
Men's Synchronised 3m Springboard Bronze Great Britain Anthony Harding
10%
Men's 10m Platform Gold China Cao Yuan
10%
Women's 3m Springboard Bronze China Chang Yani
10%
Women's Synchronised 3m Springboard Gold China Chang Yani
10%
Women's 3m Springboard Gold China Chen Yiwen
10%
Women's Synchronised 3m Springboard Gold China Chen Yiwen
10%
Men's Synchronised 3m Springboard Silver Mexico Juan Celaya
10%
Women's 10m Platform Bronze North Korea Kim Mi-rae
10%
Women's Synchronised 10m Platform Silver North Korea Kim Mi-rae
10%
Men's Synchronised 3m Springboard Gold China Long Daoyi
10%
Women's 3m Springboard Silver Australia Maddison Keeney
10%
Women's 10m Platform Gold China Quan Hongchan
10%
Women's Synchronised 10m Platform Gold China Quan Hongchan
10%
Men's 10m Platform Silver Japan Rikuto Tamai
10%
Men's 3m Springboard Silver China Wang Zongyuan
10%
Men's Synchronised 3m Springboard Gold China Wang Zongyuan
10%
Men's Synchronised 10m Platform Gold China Yang Hao
10%
Women's Synchronised 10m Platform Silver North Korea Jo Jin-mi
0%
Women's Synchronised 3m Springboard Silver USA Kassidy Cook
0%
Men's Synchronised 10m Platform Gold China Lian Junjie
0%
Men's Synchronised 10m Platform Bronze Canada Nathan Zsombor-Murray
0%
Men's Synchronised 10m Platform Bronze Canada Rylan Wiens
0%
Women's Synchronised 3m Springboard Silver USA Sarah Bacon
0%
Men's 3m Springboard Gold China Xie Siyi
0%
No matching quizzes found
Score Distribution
Percent of People with Each Score
Percentile by Number Answered
Your Score History
You have not taken this quiz